International politics on the world stage

Uloženo v:
Podrobná bibliografie
Hlavní autor: Rourke, John T.
Médium: Kniha
Jazyk:Undetermined
Vydáno: Guilford McGraw-Hill/Dushkin 2002
Témata:
Tagy: Přidat tag
Žádné tagy, Buďte první, kdo otaguje tento záznam!
Thư viện lưu trữ: Trung tâm Học liệu Trường Đại học Cần Thơ
LEADER 00519nam a2200181Ia 4500
001 CTU_109630
008 210402s9999 xx 000 0 und d
082 |a 327.101 
082 |b R862 
100 |a Rourke, John T. 
245 0 |a International politics on the world stage 
245 0 |c John T. Rourke 
260 |a Guilford 
260 |b McGraw-Hill/Dushkin 
260 |c 2002 
650 |a International relations,World politics 
904 |i Năm, Q. Hieu 
980 |a Trung tâm Học liệu Trường Đại học Cần Thơ